10 Most Popular Fragrance Brands (2024) - Statistics

General Stats
  • This quiz has been taken 96 times
  • The average score is 8 of 10
Answer Stats
Number Hint Answer % Correct
2 Biggest Designer fragrance brand on the market, they were founded in France and have widely known fragrances such as the iconic "Sauvage" and "Homme Intense". For women they have a fragrance called "Hyptonic Poison" which is very popular too. Dior
95%
6 Very popular men's designer brand that was born in Italy. It has massively known fragrances such as "Acqua di Gio" and "Stronger With You Intensely" Giorgio Armani
94%
9 Another Designer brand from France, their two most popular fragrances are "Coco" for women and "Bleu de ____" for men. The brand is known for bags. Chanel
93%
8 Designer brand born in France, very popular on Tiktok. The bottles are known for being shaped like a man's torso. The most popular fragrances they have are "Le Male", "Ultra Male", "Le Male Elixir", and "Le Beau". Jean Paul Gaultier
87%
3 More expensive designer brand from the United States. They are known for their private line which consists of "Tobacco Vanille", "Lost Cherry", "Oud Wood", and many more. They also have a fragrance called "Black Orchid" which is very famous too. Tom Ford
87%
4 Often abbreviated brand from France, known for their most popular fragrance for women: "Black Opium". They also have Fragrances like "La Nuit de L'Homme". This is a designer brand with tons of popular frangrances. Yves Saint Laurent
78%
7 Popular Niche brand from Italy. Their most popular fragrances are "Naxos", "40 Knots", "Erba Pura" and "Erba Gold". They have unique bottles and are mainly for men. Xerjoff
73%
1 Brand founded in the United Arab Emirates, this brand makes clones of popular fragrances, their most known fragrance being "Khamrah", which is a clone of Angel's Share by Killian. They are well known on Tiktok with other fragrances such as "Asad" and "Oud for Glory". Lataffa
69%
5 This brand is most known for its woman's fragrances such as "Shalimar EDP" and "Mon Guerlain" (Huge hint there). They are most popular in France, which is where they are from and specialize in perfume. Guerlain
56%
10 Very famous niche cologne brand from France. They have many well known fragrances for men such as "Greenley", "Layton", "Herod", "Delina", and their most recent "Althair". All their bottles are the same but are considered the best. Parfums de Marley
53%
No matching quizzes found
Score Distribution
Percent of People with Each Score
Percentile by Number Answered
Your Score History
You have not taken this quiz